| 000 | 00369nam a2200145Ia 4500 | ||
|---|---|---|---|
| 008 | 151015s9999 xx 000 0 und d | ||
| 020 | _a1576830438 | ||
| 050 | _aBV 4630 .V38 1998 | ||
| 245 | _avawter John | ||
| 250 | _a_Uncommon Graces | ||
| 300 | _aU.S.A Navpress 1998 | ||
| 500 | _aIncludes Index | ||
| 650 | _a_Virtues | ||
| 700 | _a^d20120813 03:32:01^okorir | ||
| 999 |
_c3377 _d3377 |
||